| 000 | 01107nam a22002777a 4500 | ||
|---|---|---|---|
| 999 |
_c64509 _d64509 |
||
| 005 | 20240530110735.0 | ||
| 008 | 180712s2005 ua g b 000 0 ara d | ||
| 017 |
_a2005/21778 _bمصر. دار الكتب |
||
| 040 |
_aEG-CaGPL _cEG-CaGPL |
||
| 082 | 0 | 4 |
_221 _a155.413 / _bإ ت |
| 100 | 1 | _aافرا، جوديث فان | |
| 245 | 1 | 2 |
_aالتليفزيون ونمو الطفل / _cتاليف جوديث فان افرا ؛ ترجمة عز الدين جميل عطية |
| 250 | _aط.3 | ||
| 260 |
_aالقاهرة : _bالمجلس الاعلى للثقافة، _c2005. |
||
| 300 |
_a471 ص. : _bايض ؛ _c24 سم. |
||
| 490 | 0 |
_aالمشروع القومى للترجمة ؛ _v984. |
|
| 504 | _aيشتمل على ارجاعات ببليوجرافية | ||
| 650 | 0 | 7 |
_2qrmak _aعلم النفس التربوى |
| 650 | 0 | 7 |
_2qrmak _aعلم نفس الطفل |
| 650 | 0 | 7 |
_2qrmak _aالتليفزيون |
| 650 | 0 | 7 |
_2qrmak _aالاطفال _xتربية |
| 651 | _2qrmak | ||
| 700 | 0 |
_aعز الدين جميل عطية _eمترجم |
|
| 942 |
_2ddc _cBK |
||